000 00884nam a22002417a 4500
003 BCEG
005 20260320114641.0
008 260320s1982 mx|||||| |||| 00| 0 spa d
020 _a9681313070
040 _aBCEG
_bspa
_cBCEG
082 0 4 _aWJ086.1
_bS479 [v. 321]
245 0 0 _aRelatos del mundo indígena
_b: antología.
260 _aMéxico :
_bSecretaría de Educación Pública,
_c1982.
300 _a138 p.
_b: il.
490 _aSepSetentas ;
_v321.
506 _aPara uso exclusivo en sala de Fondos Especiales; Requiere autorización para reproducción.
_eReglamento de la Sala de Fondos Especiales.
535 _aDisponible en Colección Wigberto Jiménez Moreno.
650 1 4 _aIndios de México
_xLeyendas
_vAntología.
700 1 _aColombres, Adolfo,
_d1944-,
_ecomp.
700 1 _aSoto, José Luis,
_eil.
700 1 _aHernández Moreno, Jorge,
_epres.
942 _cBK
999 _c437116
_d437116